Word Ladder: Red Things Quiz Stats

 Plays Quiz Updated Aug 2, 2014

Support Sporcle.
Go Orange.
Score 0/28 Timer 03:00
0 Plays Today
Clue 4-Letter Word % Correct
A red gemstoneRUBY
98%
The center of an appleCORE
93.2%
A red flowerROSE
92.1%
Clarkson's 'Since U ___ Gone'BEEN
91.8%
Not fastSLOW
90.5%
A red root vegetableBEET
90.1%
Kill a dragonSLAY
89.8%
Speak to GodPRAY
89.7%
Vegetable in earsCORN
89%
Came into beingBORN
88.7%
A red octagonal signSTOP
88.4%
Cabbage side dishSLAW
86.7%
Capital of SwitzerlandBERN
86.4%
A work of ShakespearePLAY
86%
Clue 4-Letter Word % Correct
Unappetizing foodSLOP
83.3%
Give a hootCARE
82.6%
Job for a lawyerCASE
79.3%
Disease eradictorCURE
78.9%
WorryFRET
76.9%
Fish attractor on a hookLURE
76.9%
A foolish person, to a BritPRAT
76.4%
Sigma Alpha Epsilon, e.g.FRAT
75.9%
Crazy 'inventor' GoldbergRUBE
75.2%
Clue(do) weaponROPE
74.9%
Deal withCOPE
74.3%
Tear down (UK)RASE
74.1%
Author Easton EllisBRET
73.6%
Friction preventerLUBE
72.8%

Today's Daily Dose

Missing Word
1961 Movies A-Z

Word Ladder
Study Light

Get the Picture
Bread and Butter

You're not logged in!

Compare scores with friends on all Sporcle quizzes.
OR
Log In

From the Vault

Presidential Medal of Freedom Recipients

by timmylemoine1

What better way to honor these memorable figures?
Remove Ads.
Support Sporcle.
Get the best of Sporcle when you Go Orange. This ad-free experience offers more features, more stats, and more fun while also helping to support Sporcle. Thank you for becoming a member.

Show Comments

Extras

Top Quizzes Today


Score Distribution

Your Account Isn't Verified!

In order to create a playlist on Sporcle, you need to verify the email address you used during registration. Go to your Sporcle Settings to finish the process.

Report this User

Report this user for behavior that violates our Community Guidelines.

Details: